Correspondencia secreta / (Record no. 89245)

MARC details
000 -LEADER
campo de control de longitud fija 00725nam a2200217 i 4500
001 - NÚMERO DE CONTROL
campo de control 89245
003 - IDENTIFICADOR DE NÚMERO DE CONTROL
campo de control ES-MaACL
005 - FECHA Y HORA DE LA ÚLTIMA TRANSACCIÓN
campo de control 20250304063101.0
007 - CAMPO FIJO DE DESCRIPCIÓN FÍSICA--INFORMACIÓN GENERAL
campo de control de longitud fija t|
008 - DATOS DE LONGITUD FIJA--INFORMACIÓN GENERAL
campo de control de longitud fija 050105s1961 sp ||||1|bspa d
080 ## - NÚMERO DE LA CLASIFICACIÓN DECIMAL UNIVERSAL
Número de la Clasificación Decimal Universal 946"1931/39"(093.32)
080 ## - NÚMERO DE LA CLASIFICACIÓN DECIMAL UNIVERSAL
Número de la Clasificación Decimal Universal 929(Largo Caballero, Francisco)
100 1# - ENTRADA PRINCIPAL--NOMBRE DE PERSONA
Nombre de persona Largo Caballero, Francisco,
Fechas asociadas al nombre 1869-1946
9 (RLIN) 234653
245 10 - MENCIÓN DEL TÍTULO
Título Correspondencia secreta /
Mención de responsabilidad, etc. Francisco Largo Caballero ; prólogo y notas por Mauricio Carlavilla.
260 ## - PUBLICACIÓN, DISTRIBUCIÓN, ETC.
Lugar de publicación, distribución, etc. Madrid :
Nombre del editor, distribuidor, etc. Nos,
Fecha de publicación, distribución, etc. 1961.
300 ## - DESCRIPCIÓN FÍSICA
Extensión 333 p. ;
Dimensiones 24 cm.
651 #4 - PUNTO DE ACCESO ADICIONAL DE MATERIA--NOMBRE GEOGRÁFICO
Nombre geográfico España-
Subdivisión general Historia-
Subdivisión cronológica 1931-1939, II República-
Subdivisión de forma Fuentes.
9 (RLIN) 8289
700 1# - ENTRADA AGREGADA--NOMBRE PERSONAL
Nombre de persona Carlavilla, Mauricio.
9 (RLIN) 35255
852 ## - LOCALIZACIÓN
Ubicación ES-MaACL
Número de control de estantería C-20116
Holdings
Estatus retirado Estado de pérdida Estado de daño No para préstamo Biblioteca de origen Biblioteca actual Ubicación en estantería Fecha de adquisición Fuente de adquisición Total de préstamos Signatura topográfica completa Código de barras Visto por última vez Precio de reemplazo Tipo de ítem Koha
        Biblioteca del Ateneo de Madrid Biblioteca del Ateneo de Madrid Galería 17/01/2008     C-20116 1093206 23/02/2023 23/02/2023 Libro impreso